000 01772nam a2200253 4500
001 0000010890
005 20250329165510.0
008 180709s2018 000 0 eng d
040 _aCO-CtgCURN
_bspa
_ccoctgcurn
082 0 _aTSO 2018
_bB191
100 1 _aBallesteros Castillo, Yeraldin Paola.
245 1 0 _aViolencia contra la mujer dentro de una relacion de pareja: análisis de los imaginarios de la cultura patriarcal desde la vision de los habitantes del sector san nicolas del barrio el pozon en la ciudad de cartagena. /
_cYeraldin Paola Ballesteros Castillo; Dayana Andrea Cantillo Fernández; Geraldine María Esquivel Miranda; Kelly Johana Guerrero Pizarro; Tutora: Betty Leon Batista.
260 _aCartagena de Indias :
_bCorporación Universitaria Rafael Nuñez,
_c2018.
504 _aTrabajo de grado (Trabajo Social). Corporación Universitaria Rafael Nuñez. Facultad de Ciencias de Sociales y Humanas. Trabajo Social, 2018.
520 _aEste proyecto de grado se desarrolla frente a la tematica ?Violencia contra la mujer dentro de una relacion de pareja: Análisis de la cultura patriarcal desde la vision de los habitantes del sector San Nicolas del Barrio El Pozon en la ciudad de Cartagena?
650 0 _aTrabajo social
_vTesis y disertaciones academicas.
700 1 _aCantillo Fernández, Dayana Andrea.
700 1 _aEsquivel Miranda, Geraldine María.
700 1 _aGuerrero Pizarro, Kelly Johana.
700 1 _aLeon Batista, Betty,
_eTutora.
856 _uhttps://unicurn.sharepoint.com/:b:/s/biblioteca/EfIcwnpUG1JHkmOyK7cpWfABRxA4Ut3DMgp7YPZkfUgaJQ?e=yA2eWG
_zClick aqui para ver el recurso en texto completo
942 _2ddc
_cTG
_hTSO 2018
_iB191
999 _c5993
_d5993